000 00905nam a2200265 a 4500
001 000037976
005 20250707112615.0
008 130311s1994 dr 000 0 spa d
040 _aDO-SdBNP
_bspa
_cBNPHU
082 _a330
_bM672i, 1994
100 1 _aMiranda, Ignacio
_98302
245 1 0 _aIntroducción a la economía :
_bconceptos, métodos y sistemas /
_cIgnacio Miranda.
250 _a6a ed. corr. y amp.
260 _aSanto Domingo :
_bUniversidad Católica Santo Domingo,
_c1994.
300 _a286 p. ;
_c22 cm.
500 _aIncluye índice alfabético
590 _aInventariado, 2018/ YL
650 0 _aEconomia
_985383
650 0 _aMacroeconomía
_922952
650 0 _aMicroeconomía
_922953
650 4 _aSistemas económicos
_97422
650 0 _aGlobalización
_91524
651 4 _aPaíses En Desarrollo
_xCondiciones Económicas
_99540
910 _aValidado. Control de calidad MFF
999 _c37466
_d37466